The Finite element method : (Record no. 182262)

000 -LEADER
fixed length control field 01094 a2200205 4500
003 - CONTROL NUMBER IDENTIFIER
control field Nust
005 - DATE AND TIME OF LATEST TRANSACTION
control field 20221019181829.0
010 ## - LIBRARY OF CONGRESS CONTROL NUMBER
LC control number 75329351
020 ## - INTERNATIONAL STANDARD BOOK NUMBER
International Standard Book Number 0258968214 :
040 ## - CATALOGING SOURCE
Transcribing agency Nust
082 00 - DEWEY DECIMAL CLASSIFICATION NUMBER
Classification number 620.00151535,ROC
245 04 - TITLE STATEMENT
Title The Finite element method :
Remainder of title a basic introduction /
Statement of responsibility, etc. K. C. Rockey
260 ## - PUBLICATION, DISTRIBUTION, ETC.
Place of publication, distribution, etc. London :
Name of publisher, distributor, etc. Crosby Lockwood Staples,
Date of publication, distribution, etc. 1975.
300 ## - PHYSICAL DESCRIPTION
Extent x, 239 p. :
Other physical details ill. ;
Dimensions 24 cm.
505 ## - FORMATTED CONTENTS NOTE
Formatted contents note Basic Concepts (Page-1), The Concept Of Stiffness Analysis (Page-7), Bar Finite Elements (Page-35), Finite Elements Of Continua (Page-49), Triangular Finite Element For Plane Elasticity (Page-55), Rectangular Finite Element For Plane Elasticity (Page-77), Rectangular Finite Element For Plate Flexure (Page-95), Analysis Of Folded-Plate, Box Girder And Shell Structures Using Rectangular Elements (Page-116), Axially Symmetric Continua (Page-131), Programming (Page-177), Triangular Finite Element For Plate Flexure (Page-196).
650 #0 - SUBJECT ADDED ENTRY--TOPICAL TERM
Topical term or geographic name entry element Finite element method.
650 #0 - SUBJECT ADDED ENTRY--TOPICAL TERM
Topical term or geographic name entry element Structural analysis (Engineering)
700 1# - ADDED ENTRY--PERSONAL NAME
Personal name Rockey, K. C.
9 (RLIN) 100908
942 ## - ADDED ENTRY ELEMENTS (KOHA)
Source of classification or shelving scheme
Koha item type Book
Holdings
Withdrawn status Lost status Source of classification or shelving scheme Damaged status Not for loan Permanent Location Current Location Shelving location Date acquired Total Checkouts Full call number Barcode Date last seen Date last checked out Price effective from Koha item type Public note
          Military College of Signals (MCS) Military College of Signals (MCS) General Stacks 12/12/2016 1 620.00151535,ROC MCS3378 10/24/2024 10/24/2024 12/12/2016 Book Almirah No.26, Shelf No.6
© 2023 Central Library, National University of Sciences and Technology. All Rights Reserved.